000 00528nam a22001697a 4500
005 20251108171803.0
008 250721s2003 xx 000 0 ara d
082 1 4 _a811.1009/مبي
100 1 _aالمبيضين، ماهر أحمد
245 1 0 _aالأسرة في الشعر الجاهلي :
_bدراسة موضوعية و فنية /
264 1 _aعمان :
_bوزارة الثقافة،
_c2003.
300 _a279ص
650 1 7 _aالشعر العربي
650 1 7 _aالأسرة
942 _2ddc
_cBK
999 _c62506
_d62506